Body Parts in European Languages - Statistics

General Stats
  • This quiz has been taken 10 times
  • The average score is 17 of 40
Answer Stats
English To Language Translated % Correct
Foot Spanish Pie
100%
Foot French Pied
100%
Arm French Bras
83%
Hand French Main
83%
Hand Italian Mano
83%
Hand Spanish Mano
83%
Head French Tête
83%
Arm German Arm
67%
Foot German Fuß
67%
Hand German Hand
67%
Arm Spanish Brazo
50%
Head Spanish Cabeza
50%
Neck French Cou
50%
Back French Dos
50%
Knee French Genou
50%
Head German Kopf
50%
Knee Spanish Rodilla
50%
Leg German Bein
33%
Elbow Spanish Codo
33%
Elbow French Coude
33%
Shoulder French Épaule
33%
Back Spanish Espalda
33%
Neck German Hals
33%
Shoulder Spanish Hombro
33%
Leg French Jambe
33%
Knee German Knie
33%
Foot Italian Piede
33%
Leg Spanish Pierna
33%
Back German Rücken
33%
Head Italian Testa
33%
Arm Italian Braccio
17%
Neck Spanish Cuello
17%
Leg Italian Gamba
17%
Knee Italian Ginocchio
17%
Back Italian Schiena
17%
Shoulder Italian Spalla
17%
Neck Italian Collo
0%
Elbow German Ellbogen
0%
Elbow Italian Gomito
0%
Shoulder German Schulter
0%
No matching quizzes found
Score Distribution
Percent of People with Each Score
Percentile by Number Answered
Your Score History
You have not taken this quiz